La lógica de las ciencias sociales

Збережено в:
Бібліографічні деталі
Автор: Habermas, Jürgen (Автор)
Формат: Книга
Мова:Іспанська
Опубліковано: Madrid Tecnos 1990
Редагування:2a. ed
Серія:Filosofía y ensayo
Предмети:
Теги: Додати тег
Немає тегів, Будьте першим, хто поставить тег для цього запису!

MARC

LEADER 00000nam a2200000 a 4500
001 UCX5123
003 CL-VaPUC
005 20240827104802.0
008 920923e19900000SP |||||||||||||||||spa|d
999 |c 225455  |d 225453 
040 |c Pontificia Universidad Católica de Valparaíso 
082 0 4 |a 160  |b HAB  |2 21 
100 |a Habermas, Jürgen  |e author  |9 334310 
245 1 3 |a La lógica de las ciencias sociales 
250 |a 2a. ed 
260 |a Madrid  |b Tecnos  |c 1990 
300 |a 506 p 
490 0 |a Filosofía y ensayo 
583 |a last modification  |c 19920923 00:00:00  |k Rodrigo Vera 
650 0 |a Positivismo  |9 269460 
650 0 |a Hermenéutica  |9 269473 
650 0 |a Funcionalismo (Ciencias sociales)  |9 886779 
650 0 |a Teoría del conocimiento   |9 255038 
650 0 |a Historia  |x Filosofía  |9 860696 
942 |c BK  |2 ddc 
945 |d 19920923 00:00:00 
952 |0 0  |1 0  |4 0  |6 160_000000000000000_HAB_1990  |7 0  |8 R  |9 222969  |a BIBGIM  |b BIBGIM  |d 2019-11-15  |i 2917939  |o 160 HAB 1990  |p 2917939  |r 2025-01-15  |w 2019-11-15  |y BK_R  |k SSL 
952 |0 0  |1 0  |4 0  |6 160_000000000000000_HAB_1990  |7 0  |8 R  |9 222970  |a BIBGIM  |b BIBGIM  |d 2019-11-15  |i 2917947  |o 160 HAB 1990  |p 2917947  |r 2025-01-15  |w 2019-11-15  |y BK_R  |k SSL 
952 |0 0  |1 0  |4 0  |6 160_000000000000000_HAB_1990  |7 0  |8 R  |9 222971  |a BIBGIM  |b BIBGIM  |d 2019-11-15  |i 2917955  |o 160 HAB 1990  |p 2917955  |r 2025-01-15  |w 2019-11-15  |y BK_R  |k SSL 
952 |0 0  |1 0  |4 0  |6 160_000000000000000_HAB_1990  |7 0  |8 R  |9 222972  |a BIBGIM  |b BIBGIM  |d 2019-11-15  |i 2917963  |o 160 HAB 1990  |p 2917963  |r 2025-01-15  |w 2019-11-15  |y BK_R  |k SSL 
952 |0 0  |1 0  |4 0  |6 160_000000000000000_HAB_1990  |7 0  |8 R  |9 222973  |a BIBGIM  |b BIBGIM  |d 2019-11-15  |i 2917971  |l 2  |m 1  |o 160 HAB 1990  |p 2917971  |r 2025-01-15  |s 2023-11-08  |w 2019-11-15  |y BK_R  |k SSL 
952 |0 0  |1 2  |4 0  |6 160_000000000000000_HAB_1990  |7 0  |8 A  |9 222974  |a BIBTEO  |b BIBTEO  |d 2019-11-15  |i 3085457  |o 160 HAB 1990  |p 3085457  |r 2019-11-15  |w 2019-11-15  |y BK  |k ICR 
952 |0 0  |1 0  |4 0  |6 160_000000000000000_HAB_1990  |7 0  |8 DER_TF  |9 222975  |a BIBDER  |b BIBDER  |d 2019-11-15  |i 3218767  |o 160 HAB 1990  |p 3218767  |r 2023-01-25  |w 2019-11-15  |x Ubicación 4to Piso  |y BK  |z Estos recursos deben solicitarse con anticipación  |k DER